| 000 | 01592nam a22002417a 4500 | ||
|---|---|---|---|
| 008 | 250626b |||||||| |||| 00| 0 eng d | ||
| 020 | _a9781473228030 | ||
| 040 | _ctbs | ||
| 041 | _aeng | ||
| 245 |
_aHell bent _c/ Leigh Bardugo. |
||
| 260 |
_aLondon : _bGollancz, _c2023. |
||
| 300 |
_a481 pages : _bmaps ; _c20 cm. |
||
| 490 | _aAlex Stern | ||
| 520 | _a Find a gateway to the underworld. Steal a soul out of hell. A simple plan, except people who make this particular journey rarely come back. But Galaxy "Alex" Stern is determined to break Darlington out of purgatory--even if it costs her a future at Lethe and at Yale. Forbidden from attempting a rescue, Alex and Dawes can't call on the Ninth House for help, so they assemble a team of dubious allies to save the gentleman of Lethe. Together, they will have to navigate a maze of arcane texts and bizarre artifacts to uncover the societies' most closely guarded secrets, and break every rule doing it. But when faculty members begin to die off, Alex knows these aren't just accidents. Something deadly is at work in New Haven, and if she is going to survive, she'll have to reckon with the monsters of her past and a darkness built into the university's very walls. | ||
| 650 | 0 |
_aYale University _vFiction _925599 |
|
| 650 | 0 |
_aCollege students _vFiction _925600 |
|
| 650 | 0 |
_aMurder _xInvestigation _vFiction _97769 |
|
| 650 | 0 |
_aUniversities and colleges _xFaculty _vFiction _925601 |
|
| 651 | 0 |
_aNew Haven (Conn.) _vFiction _925602 |
|
| 655 | 0 |
_aParanormal fiction _922925 |
|
| 655 | 0 |
_aThrillers (Fiction) _922669 |
|
| 942 | _2lcc | ||
| 999 |
_c4803 _d4803 |
||